000 00622nam a22001937a 4500
999 _c13178
_d13178
003 AR-CdUCM
008 190411b ||||| |||| 00| 0 spa d
040 _aMUNICIPALIDAD PROVINCIAL DEL CUSCO
_cBIBLIOTECA MUNICIPAL DEL CUSCO
082 _a463 /
_bB24 / 1958
100 _aBarcia, Roque
_931408
245 _aGran diccionario de sinónimos castellanos /
260 _aBuenos Aires :
_bEdiciones Joaquin Gil,
_c1958.
300 _a1333 páginas ;
_c20 cm.
505 _aContenido: Abacial -- Zurrón.
650 _aDiccionario
_95196
650 _aSinónimos
_927240
942 _2ddc
_cLIBROS
945 _aachl
_d2019-04-11